Green tire technology: Effect of rice husk derived nanocellulose (RHNC) in replacing carbon black (CB) in natural rubber (NR) compounding (Record no. 60076)

MARC details
000 -LEADER
fixed length control field 00700nam a2200229Ia 4500
100 ## - MAIN ENTRY--AUTHOR NAME
Personal name Dominic M
245 #0 - TITLE STATEMENT
Title Green tire technology: Effect of rice husk derived nanocellulose (RHNC) in replacing carbon black (CB) in natural rubber (NR) compounding
260 ## - PUBLICATION, DISTRIBUTION, ETC. (IMPRINT)
Name of publisher Carbohydrate Polymers
Year of publication 2020
500 ## - GENERAL NOTE
General note Source Year: 2020
650 ## - SUBJECT ADDED ENTRY--TOPICAL TERM
Topical Term Composite
650 ## - SUBJECT ADDED ENTRY--TOPICAL TERM
Topical Term Cure characteristics
650 ## - SUBJECT ADDED ENTRY--TOPICAL TERM
Topical Term Green tire
650 ## - SUBJECT ADDED ENTRY--TOPICAL TERM
Topical Term Nanocellulose
700 ## - ADDED ENTRY--PERSONAL NAME
Personal name Bipinbal P.K
700 ## - ADDED ENTRY--PERSONAL NAME
Personal name Chandra J
700 ## - ADDED ENTRY--PERSONAL NAME
Personal name Joseph R
700 ## - ADDED ENTRY--PERSONAL NAME
Personal name Sabura Begum P.M
700 ## - ADDED ENTRY--PERSONAL NAME
Personal name Sanmariya T
856 ## - ELECTRONIC LOCATION AND ACCESS
Uniform Resource Identifier doi.org/10.1016/j.carbpol.2019.115620
942 ## - ADDED ENTRY ELEMENTS (KOHA)
Koha item type Journals
Holdings
Withdrawn status Lost status Damaged status Not for loan Home library Current library Shelving location Date acquired Serial Enumeration / chronology Koha item type
      Journals RRII Library RRII Library Rubber technology 17/12/2021 Volume 230, Issue Journals